00000000nam##2200000za#4500
0019.569151
003CaOODSP
00520210624181629
007cr |||||||||||
008150406|2001||||xxc|||||o    f|0| 0 eng|d
040 |aCaOODSP|beng
043 |an-cn---
0861 |aBT31-4/26-2001E-PDF
1101 |aCanada. |bTreasury Board.
24510|aCanadian Intergovernmental Conference Secretariat, performance report for the period ending March 31, 2001 |h[electronic resource]
260 |aOttawa - Ontario : |bTreasury Board of Canada Secretariat |cc2001.
300 |a24p.|bgraphs, organization chart, tables
4901 |aPerformance report for the period ending March 31, 2001 |vFor the period ending March 31, 2001
500 |aThe catalogue number (BT31-4/26-2001) and ISBN (0-660-61672-6) for the bilingual print edition have been incorrectly copied in this electronic publication.
590 |a11-04-Supp|b2011-02-17
77508|tSecrétariat des conférences intergouvernementales canadiennes, rapport sur le rendement pour la période se terminant le 31 mars 2001 |w(CaOODSP)9.600389
7760#|tCanadian Intergovernmental Conference Secretariat |w(CaOODSP)9.535504
7760#|tSecrétariat des conférences intergouvernementales canadiennes |w(CaOODSP)9.535505
830#0|aPerformance report for the period ending March 31, 2001 ;|vFor the period ending March 31, 2001|w(CaOODSP)9.506311
85640|ahttp://publications.gc.ca|qPDF|s559 KB|uhttps://publications.gc.ca/collections/Collection/BT31-4-26-2001E.pdf|yFor the period ending March 31, 2001